Rhymes with 'Bill' Quiz Stats

 Plays Quiz Updated Nov 16, 2020

Support Sporcle.
Go Orange.
Score 0/36 Timer 04:00
17 Plays Today
% Correct
mil
98.3%
hill
97.3%
pill
97.1%
fill
97.1%
dill
96.9%
nil
96.2%
kill
96.2%
will
95.9%
til
95.8%
gill
95.5%
sill
95.2%
mill
90.7%
still
89%
grill
88.1%
till
86.3%
rill(e)
85.9%
drill
85.6%
frill
85.3%
% Correct
brill
79.7%
trill
78.9%
quill
78.7%
spill
76.8%
krill
75.5%
ill
72.5%
vill
71.7%
chill
70.3%
skill
69.1%
shill
64.4%
swill
61%
prill
60.4%
shrill
54.9%
thrill
51.9%
twill
48.3%
squill
38.5%
grille
28.5%
mille
27.9%

You're not logged in!

Compare scores with friends on all Sporcle quizzes.
OR
Log In

From the Vault

Typing Challenge: Countries Only

by Scott

Keep your eyes and fingers in tip-type shape.
Remove Ads.
Support Sporcle.
Get the best of Sporcle when you Go Orange. This ad-free experience offers more features, more stats, and more fun while also helping to support Sporcle. Thank you for becoming a member.

Show Comments

Extras

Top Quizzes Today


Score Distribution

Your Account Isn't Verified!

In order to create a playlist on Sporcle, you need to verify the email address you used during registration. Go to your Sporcle Settings to finish the process.

Report this User

Report this user for behavior that violates our Community Guidelines.

Details: